Sports Quiz

Random Sports or NFL Quiz
Score 0/161 Timer 05:00
1 Play Today
Receiver Passer % Correct
David PattenTom Brady
98%
Randy MossTom Brady
98%
Mike VrabelTom Brady
98%
David GivensTom Brady
98%
Deion BranchTom Brady
98%
David GivensTom Brady
98%
Mike VrabelTom Brady
98%
Danny WoodheadTom Brady
97.7%
Aaron HernandezTom Brady
97.7%
Brandon LaFellTom Brady
97.7%
Rob GronkowskiTom Brady
97.7%
Danny AmendolaTom Brady
97.7%
Julian EdelmanTom Brady
97.7%
James WhiteTom Brady
97.7%
Danny AmendolaTom Brady
97.7%
Rob GronkowskiTom Brady
97.4%
Chris HoganTom Brady
97.4%
Rob GronkowskiTom Brady
97.4%
Reggie WaynePeyton Manning
95.3%
Pierre GarconPeyton Manning
95.3%
Plaxico BurressEli Manning
95.2%
Roger CraigJoe Montana
94.7%
Roger CraigJoe Montana
94.7%
Carl MonroeJoe Montana
94.7%
Earl CooperJoe Montana
94.7%
Jerry RiceJoe Montana
94.7%
John TaylorJoe Montana
94.7%
Jerry RiceJoe Montana
94.7%
Brent JonesJoe Montana
94.7%
Jerry RiceJoe Montana
94.7%
Jerry RiceJoe Montana
94.7%
John TaylorJoe Montana
94.7%
Demaryius ThomasPeyton Manning
94.6%
Victor CruzEli Manning
93.5%
Andre RisonBrett Favre
91.4%
Antonio FreemanBrett Favre
91.4%
Antonio FreemanBrett Favre
91.4%
Mark ChmuraBrett Favre
91.4%
Antonio FreemanBrett Favre
91.4%
Jerry RiceSteve Young
90.3%
Ricky WattersSteve Young
90.3%
William FloydSteve Young
90.3%
Ricky WattersSteve Young
90.3%
Jerry RiceSteve Young
90.3%
Jerry RiceSteve Young
90.3%
Jordy NelsonAaron Rodgers
89.8%
Greg JenningsAaron Rodgers
89.8%
Greg JenningsAaron Rodgers
89.8%
Isaac BruceKurt Warner
89.8%
Tory HoltKurt Warner
89.8%
Ricky ProehlKurt Warner
89.8%
Larry FitzgeraldKurt Warner
89.8%
Ben PatrickKurt Warner
89.8%
Larry FitzgeraldKurt Warner
89.8%
Receiver Passer % Correct
Pierre ThomasDrew Brees
89.1%
Jeremy ShockeyDrew Brees
89.1%
Santonio HolmesBen Roethlisberger
88.7%
Vance JohnsonJohn Elway
88.7%
Ricky NattielJohn Elway
88.7%
Rod SmithJohn Elway
88.7%
Hines WardBen Roethlisberger
88.1%
Mike WallaceBen Roethlisberger
88.1%
Jay NovacekTroy Aikman
88.1%
Michael IrvinTroy Aikman
88.1%
Michael IrvinTroy Aikman
88.1%
Alvin HarperTroy Aikman
88.1%
Jay NovacekTroy Aikman
88.1%
Jermaine KearseRussell Wilson
87.5%
Doug BaldwinRussell Wilson
87.5%
Chris MatthewsRussell Wilson
87.5%
Doug BaldwinRussell Wilson
87.5%
Alshon JefferyNick Foles
85.7%
Corey ClementNick Foles
85.7%
Zach ErtzNick Foles
85.7%
Travis KelcePatrick Mahomes
85.6%
Damien WilliamsPatrick Mahomes
85.6%
Anquan BoldinJoe Flacco
85.1%
Dennis PittaJoe Flacco
85.1%
Jacoby JonesJoe Flacco
85.1%
John StallworthTerry Bradshaw
85.1%
Lynn SwannTerry Bradshaw
85.1%
Lynn SwannTerry Bradshaw
85.1%
Rocky BleierTerry Bradshaw
85.1%
John StallworthTerry Bradshaw
85.1%
John StallworthTerry Bradshaw
85.1%
Lynn SwannTerry Bradshaw
85.1%
Randy GrossmanTerry Bradshaw
85.1%
Larry BrownTerry Bradshaw
85.1%
Austin HooperMatt Ryan
83.4%
Tevin ColemanMatt Ryan
83.4%
L.J. SmithDonovan McNabb
83.3%
Brian WestbrookDonovan McNabb
83.3%
Greg LewisDonovan McNabb
83.3%
Max McGeeBart Starr
82.8%
Max McGeeBart Starr
82.8%
Boyd DowlerBart Starr
82.8%
Don BeebeJim Kelly
79.3%
Pete MetzelaarsJim Kelly
79.3%
David TyreeEli Manning
79%
Ben CoatesDrew Bledsoe
76%
Keith ByarsDrew Bledsoe
76%
Billy Joe DuPreeRoger Staubach
75.7%
Tony HillRoger Staubach
75.7%
Butch JohnsonRoger Staubach
75.7%
Percy HowardRoger Staubach
75.7%
Drew PearsonRoger Staubach
75.7%
Mike DitkaRoger Staubach
75.7%
Lance AlworthRoger Staubach
75.7%
Receiver Passer % Correct
Butch JohnsonRoger Staubach
75.7%
Zeke MowattPhil Simms
75%
Mark BavaroPhil Simms
75%
Phil McConkeyPhil Simms
75%
Dan JohnsonDan Marino
74.4%
Michael CrabtreeColin Kaepernick
73.6%
Steve SmithJake Delhomme
69.7%
Mushin MuhammadJake Delhomme
69.7%
Ricky ProehlJake Delhomme
69.7%
Jerramy StevensMatt Hasselbeck
69.1%
Jerry PorterRich Gannon
68.3%
Jerry RiceRich Gannon
68.3%
Keenan McCardellBrad Johnson
67.3%
Keenan McCardellBrad Johnson
67.3%
John MackeyJohnny Unitas
66.9%
Mushin MuhammadRex Grossman
64.5%
Kyle JuszczykJimmy Garoppolo
64.1%
Brandon StokleyTrent Dilfer
63%
Ricky SandersDoug Williams
62.2%
Gary ClarkDoug Williams
62.2%
Ricky SandersDoug Williams
62.2%
Clint DidierDoug Williams
62.2%
Sammy WhiteFran Tarkenton
61.6%
Howard TwilleyBob Griese
57.4%
Charlie BrownJoe Theismann
56.1%
Alvin GarrettJoe Theismann
56.1%
Dave CasperKen Stabler
55.8%
Curtis McClintonLen Dawson
53%
Otis TaylorLen Dawson
53%
Earnest BynerMark Rypien
49.3%
Gary ClarkMark Rypien
49.3%
Cliff BranchJim Plunkett
49.1%
Cliff BranchJim Plunkett
49.1%
Kenny KingJim Plunkett
49.1%
Cliff BranchJim Plunkett
49.1%
Dan RossKen Anderson
43.5%
Dan RossKen Anderson
43.5%
Terance MathisChris Chandler
42.7%
Stephen BakerJeff Hostetler
42.3%
Hines WardAntwaan Randle-El
41.8%
Keith KrepfleRon Jaworski
41.1%
Yancey ThigpenNeil O'Donnell
39.9%
Nick FolesTrey Burton
36.1%
Tony MartinStan Humphries
30%
Don BeebeFrank Reich
28.8%
Irving FryarSteve Grogan
28.7%
Bill MillerDaryle Lamonica
27%
Bill MillerDaryle Lamonica
27%
Duane ThomasCraig Morton
23.3%
Jim CefaloDavid Woodley
15.2%
Golden RichardsRobert Newhouse
6.5%
Stu VoigtBob Lee
4.8%
Ron SmithLawrence McCutcheon
4.7%
Remove Ads.
Support Sporcle.
Get the best of Sporcle when you Go Orange. This ad-free experience offers more features, more stats, and more fun while also helping to support Sporcle. Thank you for becoming a member.

You're not logged in!

Compare scores with friends on all Sporcle quizzes.
OR
Log In

Sporcle TV

Today on Sporcle TV


Watch our educational content, quiz creation guides, and fun videos on Sporcle TV.

Show Comments

Extras

Top Quizzes Today


Score Distribution

Paid Content

Your Account Isn't Verified!

In order to create a playlist on Sporcle, you need to verify the email address you used during registration. Go to your Sporcle Settings to finish the process.

Report this User

Report this user for behavior that violates our Community Guidelines.

Details: